Ekologická výchova v odborných predmetoch na SPŠCH v Bratislave : Záverečná práca

Enregistré dans:
Détails bibliographiques
Auteur principal: Leitner, Vladimír (Auteur)
Format: Manuscrit Livre
Langue:slovaque
Publié: Trnava : STU v Bratislave MtF KIPP, 2005
Sujets:
Tags: Ajouter un tag
Pas de tags, Soyez le premier à ajouter un tag!

MARC

LEADER 00000ntm a22000003a 4500
001 stu114881
005 20160719155400.6
008 060321s2005----xo------------------slo-d
040 |a STU  |b slo 
041 0 |a slo 
044 |a xo 
100 1 |a Koláriková, Helena,  |d 1941-  |4 csl  |u M220  |U MTF Ústav inžinierskej pedagogiky a humatitných vied  |T MTF Katedra inžinierskej pedagogiky a psychológie  |X 285  |U M220  |Y M220  |7 A000000285 
245 1 |a Ekologická výchova v odborných predmetoch na SPŠCH v Bratislave :  |b Záverečná práca 
260 |a Trnava :  |b STU v Bratislave MtF KIPP,  |c 2005 
300 |a 52 s 
650 7 |a inžinierska pedagogika  |2 stusub 
650 7 |a ekologická výchova  |2 stusub 
700 1 |a Leitner, Vladimír  |4 aut 
996 |b 284M072603  |c M*ZP-367  |l MMSKP  |s P  |a 0  |w stu114881_0001